00760nai a2200181Ia 4500003000900000008004100009022002300050040001600073245007700089260002600166310001400192362002700206521006900233856009000302942000700392999001700399952016200416IN-BaIIA211028c9999 xx s 000 0 eng d a0960-8974 (Online) cIIA Library 0aProgress in Crystal Growth and Characterization of Materialsh[eJournal] aOxford, U.KbPergamon aQuarterly a30(1); 1995 - Present  bSubscribed through National Knowledge Resource Consortium (NKRC) uhttps://www.sciencedirect.com/science/journal/09608974yClick Here to Access eJournal cEJ c35601d35601 00104070aBANbBANd2009-01-01eNKRCh30(1); 1995 - Present l0pEJ1685r2021-11-05uhttps://www.sciencedirect.com/science/journal/09608974w2021-11-05yEJ